| 000 | 00564nam a2200193 4500 | ||
|---|---|---|---|
| 003 | KOHA_MİRAKIL | ||
| 005 | 20260415083841.0 | ||
| 008 | 260415b tu ||||| |||| 00| 0 tur d | ||
| 020 | _a9780789344274 | ||
| 040 |
_aDLC _beng |
||
| 041 | _aeng | ||
| 050 | 0 |
_aTX 724.5 _b.H47 2025 |
|
| 100 | _aHess, Kerrie. | ||
| 245 | 1 | 0 | _aDAILY JOY : 365 inspirations for a happy life and home |
| 260 |
_aNew York : _bRizzolli, _c2025. |
||
| 300 |
_a303 p. _bill. _c21 cm |
||
| 650 | 0 |
_aInterior decoration --Design. _914448 _xPsychological aspects. |
|
| 942 |
_2lcc _cBK |
||
| 999 |
_c26079 _d26079 |
||